00635cam a22002291a 4500001001300000003000400013005001700017008004100034010001700075035002000092040001800112042001200130050002400142100003500166245002700201260003300228300003000261490003200291500001900323505004600342999001700388f 01002693 DLC20260227111244.0870427q18801889fr c 000 0 fre  af 01002693  a(OCoLC)15600952 aDLCcScUdDLC apremarc00aPQ2450.T2bA17 18961 aTheuriet, André,d1833-1907.10aPoésies, 1860-1874. aParis :bA. Lemerrec[188-?] a252 p. :bport. ;c17 cm.0 aOeuvres de André Theuriet a1st ed., 1879.0 aLe chemin des bois -- Le bleu et le noir. c22905d22905